00672nam a2200229Ia 450000100060000000300090000600800410001504000130005604000130006904100130008210000250009510000290012024500400014924500380018925000110022726000090023826000280024726000490027530000550032465000320037965000310041114604IT-RoPAU130308s9999 xx 000 0 und d aIT-RoPAU cIT-RoPAU aITALIANO aKieslowski Krzysztof gCodice Aut. SPICS: 5093 aAmator (Il neofita o il dilettante) bSettimana del Cinema polacco 1980 a1a ed. aROMA bMinistero Affari Esteri c1980 [1° Ed.:1980 - Ed.Ling.Originale:1980] a"2 p. (prefazione: no ; testo: 2 [pagine: 75-76])" aSTORIA NAZIONALE DEL CINEMA eCodice materia Spics: 6809